00862nam a22002417a 450000500170000001000130001702000110003003500130004103700160005404000120007008200130008210000260009524500870012124600780020826000410028627000500032730000210037765000280039865000330042694200220045999900190048195201200050020170124105937.0 aA-709411 c$ 4.00 aA-709411 bCen Lib/Ret aDPLbEN a230bABR aAbraham, M. T.910181 a350 Amazing questions :cby M.T. Abrahambof universal secrets and their answers / aThree fifty Amazing questions :bof universal secrets and their answers / aCochinbGeneration publicationc1993 a35/1759,A Palarivattom CochinbCochine682025 a178p. c19cm(Hb) aHigher education910182 aBrief study-Education910183 2ddccENh230mABR c124286d124286 00104070aLbLd2015-06-15eCen Lib/Retg0.00l0o230 ABRpA-709411r2015-06-15 00:00:00t1v0.00w2015-06-15yEN